[Event "Hamburg St Pauli op-B"]
[Site "Hamburg"]
[Date "2011.07.13"]
[Round "6"]
[White "Renn, Joachim"]
[Black "Ryll, Alex"]
[Result "1-0"]
[WhiteElo "1029"]
[BlackElo "1052"]
[PlyCount "71"]
[EventDate "2011.07.09"]
[EventType "swiss"]
[EventRounds "9"]
[EventCountry "GER"]
[SourceTitle "CBM 143 Extra"]
[Source "ChessBase"]
[SourceDate "2011.08.29"]
[SourceVersion "1"]
[SourceVersionDate "2011.08.29"]
[SourceQuality "1"]

1. c4 e6 2. Nc3 d5 3. e3 c6 4. b3 Nf6 5. Nf3 Bd6 6. Bb2 0-0 7. Qc2 Re8 8. 0-0-0 Nbd7 9. Bd3 Nf8 10. h4 e5 11. Ng5 e4 12. Bf1 h6 13. Nh3 Bf5 14. g3 a6 15. Nf4 Bxf4 16. gxf4 Ng4 17. d3 exd3 18. Bxd3 Bxd3 19. Rxd3 f5 20. cxd5 cxd5 21. Nxd5 Rc8 22. Bc3 Kh8 23. Kb1 Nd7 24. h5 Rc6 25. f3 Ngf6 26. Qb2 Qc8 27. Rg1 Ree6 28. Qg2 Ne8 29. Bxg7+ Kh7 30. Nf6+ Rxf6 31. Bxf6 Ndxf6 32. Qg6+ Kh8 33. Rd5 Rc7 34. Qxh6+ Rh7 35. Qf8+ Ng8 36. Qxg8# 1-0